000 00377nam a22001457a 4500
003 OSt
008 201027b ||||| |||| 00| 0 eng d
020 _a9789380896069
082 _a510
_bBHB
100 _aBHARGAVA, ML
245 _aBusiness Mathematics -1 for BBA
260 _aNew Delhi
_bJeevansons Publishers
700 _aMeenu Gupta, Rajni Saini, Niket
942 _2ddc
_cBB
999 _c9098
_d9098